[Event "34th Chess Olympiad (men)"]
[Site "Istanbul"]
[Date "2000.11.04"]
[Round "7.62.4"]
[White "Wilson, Peter"]
[Black "Uwihoreye, Charles"]
[WhiteElo "2000"]
[BlackElo "2000"]
[WhiteCountry "GCI"]
[BlackCountry "RWA"]
[Result "1-0"]

1. e4 c5 2. Nf3 Nc6 3. d4 e6 4. Nc3 a6 5. Be3 d5 6. dxc5 dxe4 7. Qxd8+ Nxd8 
8. Nxe4 Be7 9. O-O-O Nf6 10. Nxf6+ Bxf6 11. Bg5 Be7 12. Be2 Nc6 13. Bxe7 Kxe7 
14. Rd6 h6 15. Rhd1 g5 16. Nd2 Ne5 17. Nc4 Nd7 18. Nb6 Nxb6 19. Rxb6 Re8 
20. Bf3 Ra7 21. Rbd6 a5 22. a4 Ra8 23. g4 Ra6 24. Be2 Ra8 25. Bf3 Rb8 
26. Rb6 Kf8 27. c6 e5 28. c7 Ra8 29. Rd8 Be6 30. Rxa8 Rxa8 31. Bxb7 Re8 
32. Rxe6 fxe6 33. c8=Q Rxc8 34. Bxc8 Ke7 35. Kd2 Kd6 36. Kd3 Kd5 37. Ke3 e4 
38. Bb7+ Kc5 39. Kxe4 Kd6 40. Bc8 Ke7 41. Ke5 Kf7 42. Bxe6+ Ke7 43. c4 Kd8 
44. Kd6 Ke8 45. c5 Kf8 46. c6 
1-0

[Event "34th Chess Olympiad (men)"]
[Site "Istanbul"]
[Date "2000.11.04"]
[Round "7.63.1"]
[White "Espinosa, Rafael"]
[Black "Krylov, Sergey"]
[WhiteElo "2406"]
[BlackElo "2344"]
[WhiteCountry "MEX"]
[BlackCountry "IBSA"]
[Result "1-0"]

1. e4 c5 2. c3 Nf6 3. e5 Nd5 4. d4 cxd4 5. Nf3 Nc6 6. cxd4 g6 7. Bc4 Nb6 
8. Bb3 Bg7 9. Ng5 O-O 10. f4 d6 11. e6 Nxd4 12. exf7+ Kh8 13. O-O d5 14. Nc3 h6 
15. Qe1 Qd6 16. Be3 Be6 17. Bxd4 Bxd4 18. Kg1 Bxf7+ 19. Nb5 Qc5+ 20. Nxd4 Qxd4+ 
21. Ne6 Bxe6+ 22. Qxe6 Rxf4+ 23. Qxe7 Qe4 24. Qd6 Rf5 25. h3 Re8 26. Rac1 Qe6 
27. Qxe6 Rxe6 28. Rxf5 gxf5 29. Rc7 Re5 30.  Re1+ 31. Kh2 d4 32. a4 Re5 
33. Rxb7 Ra5 34. Bc2 Nxa4 35. b4 Rd5 36. Bxa4 d3 37. Rd7 
1-0

[Event "34th Chess Olympiad (men)"]
[Site "Istanbul"]
[Date "2000.11.04"]
[Round "7.63.2"]
[White "Berlinsky, Vladimir"]
[Black "Estrada, Nieto Julian"]
[WhiteElo "2352"]
[BlackElo "2397"]
[WhiteCountry "IBSA"]
[BlackCountry "MEX"]
[Result "1/2-1/2"]

1. e4 e5 2. Nf3 Nc6 3. Bc4 Bc5 4. c3 Nf6 5. d4 exd4 6. cxd4 Bb4+ 7. Bd2 Bxd2+ 
8. Nbxd2 Nxe4 9. d5 Nxd2 10. Qxd2 Ne7 11. d6 cxd6 12. O-O d5 13. Bxd5 O-O 
14. Rfe1 d6 15. Ng5 Nxd5 16. Qxd5 h6 17. Ne4 Be6 18. Qxb7 Rb8 19. Qxa7 Rxb2 
1/2-1/2

[Event "34th Chess Olympiad (men)"]
[Site "Istanbul"]
[Date "2000.11.04"]
[Round "7.63.3"]
[White "Russek, Guil"]
[Black "Dukaczewski, Piotr"]
[WhiteElo "2400"]
[BlackElo "2292"]
[WhiteCountry "MEX"]
[BlackCountry "IBSA"]
[Result "1/2-1/2"]

1. e4 c5 2. c3 d5 3. exd5 Qxd5 4. d4 Nf6 5. Nf3 e6 6. Bd3 Be7 7. O-O O-O 
8. c4 Qd7 9. dxc5 Rd8 10. Ne5 Qd4 11. Qe2 Nbd7 12. Nxd7 Bxd7 13. Be3 Qe5 
14. Nc3 Bxc5 15. Bxc5 Qxc5 16. Ne4 Nxe4 17. Bxe4 Bc6 18. Rfd1 g6 19. Bxc6 Qxc6 
20. b3 Qb6 21. Qe5 a5 22. h4 h5 23. Qf6 Rd6 24. Rxd6 Qxd6 25. Qf3 Qe7 
26. Rd1 a4 27. g3 axb3 28. axb3 e5 29. Qd5 e4 30. Qd6 Qxd6 31. Rxd6 Ra1+ 
32. Kg2 b5 33. Rd4 bxc4 34. bxc4 Re1 35. c5 Rc1 36. Rxe4 
1/2-1/2

[Event "34th Chess Olympiad (men)"]
[Site "Istanbul"]
[Date "2000.11.04"]
[Round "7.63.4"]
[White "Wassin, Sergey"]
[Black "Villarreal, Jose"]
[WhiteElo "2305"]
[BlackElo "2365"]
[WhiteCountry "IBSA"]
[BlackCountry "MEX"]
[Result "0-1"]

1. Nf3 Nf6 2. c4 g6 3. Nc3 Bg7 4. g3 d6 5. d4 O-O 6. Bg2 Nbd7 7. O-O e5 
8. e4 c6 9. h3 Re8 10. Rb1 a6 11. Be3 b5 12. dxe5 dxe5 13. Qc2 Bb7 14. b4 Rc8 
15. c5 a5 16. a3 Qc7 17. Nd2 Nf8 18. f4 axb4 19. axb4 Nh5 20. Ne2 Bh6 
21. Nb3 Rcd8 22. Rf3 exf4 23. gxf4 Bc8 24. Nbd4 Ne6 25. Nxe6 Bxe6 26. Rbf1 Bc4 
27. Bc1 Qe7 28. e5 Qh4 29. Ra3 Re6 30. Ra7 Bd3 31. Qa2 Bc4 32. Qc2 Bxe2 
33. Qxe2 Bxf4 34. Qf3 g5 35. Rc7 Ng3 36. Re1 Nf5 37. Re4 Ng3 38. Re1 Nf5 
39. Rd1 Nd4 40. Qe4 Qg3 41. Rxf7 Rg6 42. Rf6 g4 43. Rxg6+ hxg6 44. Rd2 Ne2+ 
45. Rxe2 Rd1+ 
0-1